Zelda TOTK - Guess the Character Names - Statistics

General Stats
  • This quiz has been taken 1,951 times
  • The average score is 14 of 29
Answer Stats
Picture Answer % Correct
Link
100%
Princess Zelda
100%
Impa
91%
Sage Sidon
84%
King Rauru
72%
Sage Riju
70%
Sage Tulin
70%
Queen Sonia
69%
Sage Yunobo
68%
Ganondorf
67%
Purah
67%
Paya
64%
Sage Mineru
59%
Master Kohga
53%
Robbie
49%
Hudson
39%
Beedle
32%
Great Deku Tree
29%
Horse God Malanya
22%
Tauro
22%
Hestu
21%
Teba
21%
Josha
18%
Yona
18%
King Dorephan
17%
Rhondson
15%
Muzu
13%
Cece
12%
Buliara
11%
No matching quizzes found
Score Distribution
Percent of People with Each Score
Percentile by Number Answered
Your Score History
You have not taken this quiz